A reconnaissance of Pelly river between Macmillan river and Hoole canyon, Yukon, (Record no. 27353)

MARC details
000 -LEADER
fixed length control field 01176cam a22002891 4500
001 - CONTROL NUMBER
control field gs 37000135
003 - CONTROL NUMBER IDENTIFIER
control field DLC
005 - DATE AND TIME OF LATEST TRANSACTION
control field 20260227111341.0
008 - FIXED-LENGTH DATA ELEMENTS--GENERAL INFORMATION
fixed length control field 720317s1936 oncb b 000 0 eng
010 ## - LIBRARY OF CONGRESS CONTROL NUMBER
LC control number gs 37000135
035 ## - SYSTEM CONTROL NUMBER
System control number (OCoLC)265253
040 ## - CATALOGING SOURCE
Original cataloging agency DLC
Transcribing agency OAkU
Modifying agency NSbSU
-- DLC
050 00 - LIBRARY OF CONGRESS CALL NUMBER
Classification number QE185
Item number .A2 no. 200
051 ## - LIBRARY OF CONGRESS COPY, ISSUE, OFFPRINT STATEMENT
Classification number QE195
Item number .J6
100 1# - MAIN ENTRY--PERSONAL NAME
Personal name Johnston, John Russell,
Dates associated with a name 1910-
245 12 - TITLE STATEMENT
Title A reconnaissance of Pelly river between Macmillan river and Hoole canyon, Yukon,
Statement of responsibility, etc. by J.R. Johnston.
260 ## - PUBLICATION, DISTRIBUTION, ETC.
Place of publication, distribution, etc. Ottawa,
Name of publisher, distributor, etc. J.O. Patenaude, printer to the King,
Date of publication, distribution, etc. 1936.
300 ## - PHYSICAL DESCRIPTION
Extent 19 p.
Other physical details incl. table. fold. map (in pocket)
Dimensions 25 cm.
490 1# - SERIES STATEMENT
Series statement Geological Survey of Canada. Memoir
Volume/sequential designation 200
500 ## - GENERAL NOTE
General note At head of title: Canada. Department of mines. Bureau of economic geology. Geological survey.
500 ## - GENERAL NOTE
General note In lower right corner of t.-p.: no.2425.
504 ## - BIBLIOGRAPHY, ETC. NOTE
Bibliography, etc. note Includes bibliographies.
650 #0 - SUBJECT ADDED ENTRY--TOPICAL TERM
Topical term or geographic name entry element Geology
Geographic subdivision Yukon
-- Pelly River Valley.
650 #0 - SUBJECT ADDED ENTRY--TOPICAL TERM
Topical term or geographic name entry element Physical geography
Geographic subdivision Yukon
-- Pelly River Valley.
740 0# - ADDED ENTRY--UNCONTROLLED RELATED/ANALYTICAL TITLE
Uncontrolled related/analytical title Pelly river between Macmillan river and Hoole canyon, Yukon, A reconnaissance of.
830 #0 - SERIES ADDED ENTRY--UNIFORM TITLE
Uniform title Memoir (Geological Survey of Canada) ;
Volume/sequential designation 200

No items available.

Powered by Koha